Statistics for Most Guessed - Animals by Letter

Click here to take the quiz!

General Stats

  • This quiz has been taken 28 times
  • The average score is 8 of 18

Answer Stats

LetterAnimal% Correct
CChimpanzee | Cat
100%
EElephant
88%
LLion
88%
TTiger
72%
GGiraffe
68%
KKangaroo
68%
WWhale
60%
AAlligator
40%
RReindeer | Rabbit
40%
FFrog
32%
DDuck
28%
OOwl
28%
BBee
24%
PPenguin
24%
MMosquito
16%
SSwan
16%
NNarwhal
12%
HHen
8%

Score Distribution

Percentile by Number Answered

Percent of People with Each Score

Your Score History

You have not taken this quiz